00701nam a2200205Ia 4500003000400000008004200004040001600046082001300062100002900075245012500104700002100229260006200250300001000312650001600322650002100338650001400359942001200373999001700385952009300402GCL140319s9999 xx 000 0 aRus d aGCL / cGCL04a462bB L1 aBREVA, CLARAMONTE MANUEL10aLARENZO HERVAS Y PANDURO: VOCABLARIS POLIGLOTS ( 1787 ) SAGGIS PRATICO DELL LINGUE ( 1787 ) / cBREVA, CLARAMONTE MANUEL1 aSARMIENTO, RAMON a[S.N] : bSOCIEDAD GENERAL ESPANOLA DE LIBRERIA ، c1990 a541 P04aLINGUISTICS04aSPANISH LANGUAGE04aLANGUAGES 2ddccBK c15372d15372 00104070aCAIbCAId2014-03-26l0o462\B Lp28483r2014-03-26 00:00:00w2014-03-26yBK